Full fathom five.

Bewaard in:
Bibliografische gegevens
Hoofdauteur: Carter, John Stewart, 1911-
Formaat: Boek
Taal:English
Gepubliceerd in: Boston, Houghton Mifflin, 1965.
LEADER 00700nam a22002051 4500
001 c000103926
003 CARM
005 00000000000000.0
008 791106s1965 mau 00001 eng
019 1 |a 1530706  |5 LACONCORD2021 
035 |a (OCoLC)640100  |5 LACONCORD2021 
040 |c WaSp 
050 0 0 |a PZ4.C3236  |b Fu 
100 1 |a Carter, John Stewart,  |d 1911- 
245 1 0 |a Full fathom five. 
260 |a Boston,  |b Houghton Mifflin,  |c 1965. 
300 |a 246 p.  |c 22 cm. 
852 8 |b CARM  |h A2:AD24A0  |i B03069  |p 0151657  |f BK 
999 f f |i 39e51593-36b8-5c75-99de-8294b2c0ec70  |s 14085eb2-2278-50be-8d19-f5cea15224a7 
952 f f |p Can circulate  |a CAVAL  |b CAVAL  |c CAVAL  |d CARM 1 Store  |e B03069  |f A2:AD24A0  |h Other scheme  |i book  |m 0151657